[Event "Rochefort 2017 - Master - 18/2/17 - 24/2"]
[Site "Palais des Congrès"]
[Date "2017.02.18"]
[Round "3.8"]
[White "Philippe, Guillaume"]
[Black "Demuth, Adrien"]
[Result "0-1"]
[WhiteElo "2319"]
[BlackElo "2525"]
[PlyCount "54"]
[EventDate "2017.??.??"]

1. f4 d5 2. Nf3 g6 3. g3 Bg7 4. Bg2 c6 5. Nc3 Qb6 6. e3 Nh6 7. d4 Nf5 8. O-O h5
9. Ne5 Nd7 10. Na4 Qc7 11. c3 O-O 12. Nxd7 Bxd7 13. Nc5 Rad8 14. Qe1 Bc8 15. e4
dxe4 16. Nxe4 b6 17. h3 c5 18. dxc5 bxc5 19. Bf3 Ba6 20. Rf2 Bb7 21. g4 hxg4
22. hxg4 Nh4 23. Bh1 Qd7 24. f5 Qd1 25. Re2 Ba6 26. Bg5 Qxe2 27. Qxe2 Bxe2 0-1

[Event "Rochefort 2017 - Master - 18/2/17 - 24/2"]
[Site "Palais des Congrès"]
[Date "2017.02.18"]
[Round "3.9"]
[White "Eugene, Floryan"]
[Black "Stets, Dmitry"]
[Result "1-0"]
[WhiteElo "2287"]
[BlackElo "2415"]
[PlyCount "105"]
[EventDate "2017.??.??"]

1. d4 Nf6 2. Bf4 g6 3. Nc3 d5 4. e3 Bg7 5. h4 c6 6. h5 Nxh5 7. Rxh5 gxh5 8.
Qxh5 Nd7 9. Bd3 Nf8 10. Nf3 Be6 11. O-O-O Ng6 12. Ng5 Qd7 13. Rh1 Bg4 14. Qh2
Bf5 15. e4 dxe4 16. Bc4 e6 17. Bd6 O-O-O 18. Bc5 Bxd4 19. Rd1 Be5 20. Rxd7 Bxh2
21. Rxd8+ Rxd8 22. g3 Ne5 23. Be2 h6 24. Ngxe4 Bxe4 25. Nxe4 f5 26. Nd2 f4 27.
Nf1 b6 28. Be7 Re8 29. Bd6 fxg3 30. Bxe5 g2 31. Bxh2 gxf1=Q+ 32. Bxf1 h5 33.
Kd2 Kd7 34. Ke3 h4 35. Be5 Ke7 36. f3 Rg8 37. Kf2 Rg5 38. Bf4 Rf5 39. Be3 e5
40. Bh3 Rh5 41. Bg4 Rh7 42. Kg2 Kf6 43. Kh3 b5 44. Bf2 Kg5 45. Be1 c5 46. Bc3
Re7 47. Bd2+ Kg6 48. Be3 c4 49. Kxh4 b4 50. Bh3 Rc7 51. Be6 a5 52. Bd5 Kf6 53.
Bb6 1-0

[Event "Rochefort 2017 - Master - 18/2/17 - 24/2"]
[Site "Palais des Congrès"]
[Date "2017.02.18"]
[Round "3.10"]
[White "Bollengier, Andreea"]
[Black "Navrotescu, Catalin"]
[Result "1/2-1/2"]
[WhiteElo "2230"]
[BlackElo "2357"]
[PlyCount "73"]
[EventDate "2017.??.??"]

1. c4 e5 2. g3 Nf6 3. Bg2 c6 4. d4 e4 5. Nc3 d5 6. Bg5 Nbd7 7. cxd5 cxd5 8. e3
h6 9. Bxf6 Nxf6 10. Nge2 Bd6 11. O-O O-O 12. Qb3 Bc7 13. Nf4 Bxf4 14. exf4 b6
15. Rac1 Ba6 16. Rfe1 Bc4 17. Qa3 Bd3 18. Bf1 Bxf1 19. Rxf1 Qd7 20. Nd1 Rfc8
21. Ne3 Rc7 22. Rxc7 Qxc7 23. Qb3 Rd8 24. Qc2 Qxc2 25. Nxc2 Rc8 26. Ne3 h5 27.
h3 Kf8 28. Rd1 Ke7 29. Kf1 g6 30. Ke2 Kd6 31. f5 g5 32. g4 hxg4 33. hxg4 Rh8
34. Rc1 Kd7 35. Rg1 Kd6 36. Rc1 Kd7 37. Rg1 1/2-1/2

[Event "Rochefort 2017 - Master - 18/2/17 - 24/2"]
[Site "Palais des Congrès"]
[Date "2017.02.18"]
[Round "4.1"]
[White "Nikolov, Momchil"]
[Black "Inkiov, Ventzislav"]
[Result "1/2-1/2"]
[WhiteElo "2563"]
[BlackElo "2447"]
[PlyCount "31"]
[EventDate "2017.??.??"]

1. d4 Nf6 2. c4 e6 3. Nf3 d5 4. g3 dxc4 5. Bg2 c5 6. O-O Nc6 7. Ne5 Bd7 8. Na3
cxd4 9. Naxc4 Rc8 10. Bf4 Be7 11. Qb3 Nxe5 12. Nxe5 Bc6 13. Nxc6 bxc6 14. Rac1
O-O 15. Bxc6 Bd6 16. Bg5 1/2-1/2

[Event "Rochefort 2017 - Master - 18/2/17 - 24/2"]
[Site "Palais des Congrès"]
[Date "2017.02.18"]
[Round "4.2"]
[White "Velten, Paul"]
[Black "Stupak, Kirill"]
[Result "1/2-1/2"]
[WhiteElo "2456"]
[BlackElo "2542"]
[PlyCount "44"]
[EventDate "2017.??.??"]

1. d4 Nf6 2. Nf3 c5 3. e3 g6 4. c3 b6 5. Nbd2 Bg7 6. a4 Bb7 7. a5 O-O 8. a6 Bc6
9. Ne5 Qc7 10. Nxc6 Nxc6 11. Nb3 d6 12. Bb5 e5 13. d5 Ne7 14. c4 Qc8 15. Nd2
Ne8 16. e4 f5 17. Bxe8 Qxe8 18. f3 Bh6 19. Qe2 Rb8 20. O-O Kg7 21. Nb1 Bxc1 22.
Rxc1 b5 1/2-1/2

[Event "Rochefort 2017 - Master - 18/2/17 - 24/2"]
[Site "Palais des Congrès"]
[Date "2017.02.18"]
[Round "4.3"]
[White "Daulyte, Deimante"]
[Black "Enchev, Ivajlo"]
[Result "0-1"]
[WhiteElo "2447"]
[BlackElo "2464"]
[PlyCount "83"]
[EventDate "2017.??.??"]

1. e4 e5 2. Nf3 Nc6 3. d4 exd4 4. Nxd4 Qf6 5. Nb3 Qg6 6. f3 Bd6 7. Nc3 Nge7 8.
g3 O-O 9. Bg2 f5 10. f4 Bb4 11. e5 d6 12. exd6 Rd8 13. O-O Rxd6 14. Qe2 Be6 15.
Nb5 Rd7 16. c3 Bd6 17. Nxd6 Rxd6 18. Nc5 Bd5 19. Nxb7 Re6 20. Bxd5 Nxd5 21. Qf3
Nf6 22. Nc5 Rd6 23. Re1 Re8 24. Rxe8+ Qxe8 25. Be3 Ng4 26. Re1 Qh5 27. h4 Qf7
28. b3 h5 29. Bf2 Qf6 30. Qe2 Qxc3 31. Qe8+ Kh7 32. Qxh5+ Nh6 33. Ne6 g6 34.
Qe2 Rd3 35. Kg2 Ng4 36. h5 Rd2 37. Ng5+ Kh6 38. Nf7+ Kg7 39. h6+ Nxh6 40. Qe6
Nxf7 41. Kh1 Ncd8 42. Qe3 0-1

[Event "Rochefort 2017 - Master - 18/2/17 - 24/2"]
[Site "Palais des Congrès"]
[Date "2017.02.18"]
[Round "4.4"]
[White "Colin, Vincent"]
[Black "Eugene, Floryan"]
[Result "1/2-1/2"]
[WhiteElo "2372"]
[BlackElo "2287"]
[PlyCount "21"]
[EventDate "2017.??.??"]

1. e4 c5 2. Nf3 Nc6 3. d4 cxd4 4. Nxd4 e5 5. Nb5 d6 6. N1c3 a6 7. Na3 Nf6 8.
Bg5 b5 9. Nd5 Qa5+ 10. Bd2 Qd8 11. Bg5 1/2-1/2

[Event "Rochefort 2017 - Master - 18/2/17 - 24/2"]
[Site "Palais des Congrès"]
[Date "2017.02.18"]
[Round "4.5"]
[White "Demuth, Adrien"]
[Black "Cornette, Matthieu"]
[Result "1/2-1/2"]
[WhiteElo "2525"]
[BlackElo "2593"]
[PlyCount "31"]
[EventDate "2017.??.??"]

1. c4 Nf6 2. Nc3 e6 3. e4 d5 4. e5 d4 5. exf6 dxc3 6. bxc3 Qxf6 7. Nf3 e5 8.
Bd3 Bg4 9. Be4 Nd7 10. Bxb7 Rb8 11. Bd5 c6 12. Be4 Nc5 13. Qe2 Nxe4 14. Qxe4
Bxf3 15. Qxf3 Qxf3 16. gxf3 1/2-1/2

[Event "Rochefort 2017 - Master - 18/2/17 - 24/2"]
[Site "Palais des Congrès"]
[Date "2017.02.18"]
[Round "4.6"]
[White "Le Goff, Ronan"]
[Black "Yuffa, Daniil"]
[Result "0-1"]
[WhiteElo "2287"]
[BlackElo "2519"]
[PlyCount "68"]
[EventDate "2017.??.??"]

1. d4 Nf6 2. Nf3 g6 3. Bf4 Bg7 4. e3 O-O 5. Be2 d6 6. h3 Nc6 7. O-O Nd7 8. Bh2
e5 9. c3 f5 10. b4 a6 11. Nbd2 e4 12. Ne1 g5 13. a4 Ne7 14. c4 Nf6 15. Rc1 Ng6
16. c5 d5 17. c6 b6 18. a5 bxa5 19. bxa5 f4 20. exf4 gxf4 21. f3 e3 22. Nb3 Nh5
23. Nc5 Nh4 24. Nd7 Bxd7 25. cxd7 Qxd7 26. Qc2 Nf5 27. Qxc7 Qxc7 28. Rxc7 Nhg3
29. Bxg3 Nxg3 30. Bd3 e2 31. Rf2 Rac8 32. Rxc8 Rxc8 33. Rxe2 Nxe2+ 34. Bxe2 Rc1
0-1

[Event "Rochefort 2017 - Master - 18/2/17 - 24/2"]
[Site "Palais des Congrès"]
[Date "2017.02.18"]
[Round "4.7"]
[White "Maiorov, Nikita"]
[Black "Le Ruyet, Leopold"]
[Result "1-0"]
[WhiteElo "2511"]
[BlackElo "2303"]
[PlyCount "61"]
[EventDate "2017.??.??"]

1. d4 Nf6 2. c4 c5 3. d5 b5 4. cxb5 a6 5. bxa6 g6 6. Nc3 Bg7 7. g3 O-O 8. Bg2
d6 9. Nf3 Nbd7 10. O-O Nb6 11. Nh4 h6 12. Qc2 Bxa6 13. Rd1 Bc4 14. e4 Ne8 15.
b3 Ba6 16. Rb1 Nc7 17. Bb2 Bb7 18. e5 Bxe5 19. Nxg6 fxg6 20. Qxg6+ Bg7 21. Ne2
Ne8 22. Nf4 Rxf4 23. gxf4 Nf6 24. Bxf6 exf6 25. Bh3 Qe8 26. Be6+ Kh8 27. Bf7
Qb5 28. Rd3 Qd7 29. Rg3 Rg8 30. Bxg8 Kxg8 31. Re1 1-0

[Event "Rochefort 2017 - Master - 18/2/17 - 24/2"]
[Site "Palais des Congrès"]
[Date "2017.02.18"]
[Round "4.8"]
[White "Gavasheli, Ana"]
[Black "Favarel, Antoine"]
[Result "1/2-1/2"]
[WhiteElo "2232"]
[BlackElo "2423"]
[PlyCount "73"]
[EventDate "2017.??.??"]

1. Nf3 d5 2. c4 e6 3. g3 g6 4. d4 Bg7 5. Bg2 Nc6 6. e3 Nge7 7. b3 e5 8. cxd5
Qxd5 9. O-O exd4 10. Nxd4 Qd8 11. Bb2 Nxd4 12. Bxd4 Bxd4 13. exd4 c6 14. Nc3
Be6 15. Ne4 O-O 16. Nc5 Bc8 17. Qd2 b6 18. Ne4 Be6 19. Rac1 Rc8 20. Rfd1 Bd5
21. Qg5 Bxe4 22. Bxe4 Nd5 23. Qxd8 Rfxd8 24. a3 Rd6 25. b4 Ne7 26. Kg2 Rcd8 27.
Rc4 Kg7 28. Bf3 h5 29. h4 R8d7 30. Be4 b5 31. Rc5 a5 32. bxa5 Ra7 33. Rdc1 Rxd4
34. Bxc6 Nxc6 35. Rxc6 Rxa5 36. R1c3 Rda4 37. Rb6 1/2-1/2

[Event "Rochefort 2017 - Master - 18/2/17 - 24/2"]
[Site "Palais des Congrès"]
[Date "2017.02.18"]
[Round "4.9"]
[White "Meunier-Pion, Jean"]
[Black "Haub, Thorsten Michael"]
[Result "1/2-1/2"]
[WhiteElo "2232"]
[BlackElo "2397"]
[PlyCount "123"]
[EventDate "2017.??.??"]

1. e4 g6 2. d4 Bg7 3. Nc3 d6 4. Be3 a6 5. Qd2 Nd7 6. h4 h6 7. O-O-O b5 8. f3 e6
9. a3 Ndf6 10. g4 h5 11. g5 Nd7 12. d5 e5 13. a4 bxa4 14. Nxa4 Ne7 15. Qa5 O-O
16. Rd3 Rb8 17. Rc3 c5 18. Qxd8 Rxd8 19. Ra3 f6 20. Bd2 Rf8 21. Ba5 Rb7 22. Nh3
Nb8 23. Nb6 fxg5 24. hxg5 Bd7 25. Nxd7 Nxd7 26. Bxa6 Ra7 27. Bb5 Rfa8 28. Bc7
Rxa3 29. bxa3 Ra7 30. Bxd6 Nc8 31. Bxd7 Nxd6 32. Be6+ Kf8 33. Kb2 Ke7 34. Ra1
Nc4+ 35. Kb3 Nd2+ 36. Kc3 Nxf3 37. Rf1 Kd6 38. a4 Rxa4 39. Kb3 Nd2+ 40. Kxa4
Nxf1 41. Bf7 Ne3 42. Kb3 Ng2 43. Bxg6 h4 44. Bf5 Nf4 45. Ng1 Bf8 46. Kc3 Be7
47. g6 Bf8 48. Kd2 Ke7 49. Ke3 Kf6 50. c4 h3 51. Bxh3 Nxg6 52. Kf3 Nh8 53. Kg4
Nf7 54. Bf1 Bh6 55. Nf3 Be3 56. Kh5 Nd6 57. Bd3 Bf4 58. Nh4 Bc1 59. Nf5 Nf7 60.
Bc2 Bd2 61. Ba4 Ng5 62. Bc2 1/2-1/2

[Event "Rochefort 2017 - Master - 18/2/17 - 24/2"]
[Site "Palais des Congrès"]
[Date "2017.02.18"]
[Round "4.10"]
[White "Ollier, Pablo"]
[Black "Bollengier, Andreea"]
[Result "1-0"]
[WhiteElo "2359"]
[BlackElo "2230"]
[PlyCount "119"]
[EventDate "2017.??.??"]

1. c4 c5 2. g3 Nc6 3. Bg2 g6 4. Nc3 Bg7 5. Nf3 e5 6. O-O Nge7 7. a3 O-O 8. Rb1
a5 9. Ne1 d6 10. Nc2 Be6 11. Ne3 Rb8 12. d3 Kh8 13. Ned5 f5 14. Bg5 h6 15. Bxe7
Nxe7 16. b4 Bxd5 17. Nxd5 Nxd5 18. Bxd5 axb4 19. axb4 b5 20. e4 bxc4 21. bxc5
Rxb1 22. Qxb1 dxc5 23. dxc4 f4 24. Qb7 Qc8 25. Qe7 f3 26. Kh1 Kh7 27. Rb1 Qh3
28. Rg1 Qc8 29. Bb7 Re8 30. Bxc8 Rxe7 31. Ra1 h5 32. Ra3 Rf7 33. h4 Bh6 34. Kh2
Bc1 35. Rb3 Bd2 36. Be6 Rf6 37. Rb7+ Kh6 38. Bg8 g5 39. Bh7 gxh4 40. gxh4 Rf4
41. Kh3 Rf8 42. Bf5 Rh8 43. Ra7 Bf4 44. Rd7 Bc1 45. Kg3 Bb2 46. Kxf3 Bc3 47.
Ke2 Ba5 48. Re7 Bd8 49. Rxe5 Bxh4 50. f4 Ra8 51. Rxc5 Ra2+ 52. Kf3 Ra3+ 53. Kg2
Rg3+ 54. Kh2 Rf3 55. Rc6+ Kg7 56. c5 Rxf4 57. Rg6+ Kf7 58. c6 Bd8 59. Rd6 Ba5
60. c7 1-0

[Event "Rochefort 2017 - Master - 18/2/17 - 24/2"]
[Site "Palais des Congrès Rochefort"]
[Date "2017.02.18"]
[Round "5.1"]
[White "Enchev, Ivajlo"]
[Black "Nikolov, Momchil"]
[Result "1/2-1/2"]
[WhiteElo "2464"]
[BlackElo "2563"]
[PlyCount "29"]
[EventDate "2017.??.??"]

1. d4 Nf6 2. c4 e6 3. Nf3 d5 4. Nc3 Be7 5. Bg5 O-O 6. e3 b6 7. Be2 Bb7 8. cxd5
Nxd5 9. Bxe7 Qxe7 10. O-O Nxc3 11. bxc3 c5 12. a4 Nc6 13. Qb3 Rac8 14. Rfd1
Rfd8 15. Qa3 1/2-1/2

[Event "Rochefort 2017 - Master - 18/2/17 - 24/2"]
[Site "Palais des Congrès Rochefort"]
[Date "2017.02.18"]
[Round "5.3"]
[White "Inkiov, Ventzislav"]
[Black "Velten, Paul"]
[Result "1/2-1/2"]
[WhiteElo "2447"]
[BlackElo "2456"]
[PlyCount "105"]
[EventDate "2017.??.??"]

1. d4 d5 2. c4 c6 3. Nf3 Nf6 4. Nc3 a6 5. e3 b5 6. b3 Bg4 7. Bd3 Nbd7 8. O-O e6
9. h3 Bh5 10. Bb2 Bb4 11. cxd5 cxd5 12. a4 bxa4 13. Nxa4 O-O 14. Rc1 Ne4 15. g4
Bg6 16. Kg2 f5 17. Nc5 Bxc5 18. dxc5 fxg4 19. hxg4 h5 20. Nh2 Nxf2 21. Rxf2
Rxf2+ 22. Kxf2 Qh4+ 23. Kg2 Rf8 24. Rc2 Bxd3 25. Qxd3 hxg4 26. e4 Nxc5 27. Qc3
Qh3+ 28. Qxh3 gxh3+ 29. Kxh3 Nxe4 30. Rc7 Rb8 31. Bxg7 Rxb3+ 32. Kh4 Nd6 33.
Ng4 Ne8 34. Nf6+ Nxf6 35. Bxf6 Rb1 36. Kh5 Kf8 37. Bg5 e5 38. Kg6 Rb6+ 39. Bf6
Re6 40. Kf5 Rb6 41. Bxe5 Ke8 42. Bf6 Rd6 43. Re7+ Kd8 44. Ra7+ Kc8 45. Bd4 Rd7
46. Rxa6 Kb7 47. Rb6+ Kc7 48. Ke6 Rh7 49. Rb1 Rh6+ 50. Kxd5 Rd6+ 51. Ke5 Ra6
52. Rc1+ Kd7 53. Rc4 1/2-1/2

[Event "Rochefort 2017 - Master - 18/2/17 - 24/2"]
[Site "Palais des Congrès Rochefort"]
[Date "2017.02.18"]
[Round "5.4"]
[White "Navrotescu, Catalin"]
[Black "Demuth, Adrien"]
[Result "1/2-1/2"]
[WhiteElo "2357"]
[BlackElo "2525"]
[PlyCount "27"]
[EventDate "2017.??.??"]

1. d4 d5 2. Nf3 Nf6 3. g3 e6 4. Bg2 b5 5. O-O Nbd7 6. b3 Bb7 7. c4 bxc4 8. bxc4
dxc4 9. Na3 Be7 10. Nxc4 c5 11. Bb2 O-O 12. Rc1 Bd5 13. dxc5 Bxc5 14. Nfe5
1/2-1/2

[Event "Rochefort 2017 - Master - 18/2/17 - 24/2"]
[Site "Palais des Congrès Rochefort"]
[Date "2017.02.18"]
[Round "5.7"]
[White "Shirazi, Kamran"]
[Black "Daulyte, Deimante"]
[Result "1-0"]
[WhiteElo "2331"]
[BlackElo "2447"]
[PlyCount "199"]
[EventDate "2017.??.??"]

1. e4 e5 2. Bc4 Nf6 3. d3 Nc6 4. Bg5 h6 5. Bh4 Na5 6. Nc3 Be7 7. Bg3 Nxc4 8.
dxc4 d6 9. f4 Bg4 10. Nf3 exf4 11. Bxf4 Nh5 12. Be3 Bh4+ 13. Bf2 Bxf2+ 14. Kxf2
O-O 15. Rf1 Nf4 16. h3 Bxf3 17. Qxf3 Ng6 18. Kg1 Ne5 19. Qe2 c6 20. b3 Qb6+ 21.
Kh1 Rae8 22. Rad1 Re6 23. Rd2 Qc5 24. a4 a6 25. Nd1 Rfe8 26. Nf2 Ng6 27. Rfd1
f5 28. Rd4 fxe4 29. Nxe4 Qe5 30. Qg4 h5 31. Qg5 c5 32. Qxe5 Rxe5 33. Rxd6 Nf4
34. Nc3 h4 35. Rd8 Rxd8 36. Rxd8+ Kh7 37. Kh2 Re1 38. Rd2 g5 39. Rd1 Re6 40.
Kg1 Re3 41. Nd5 Re2 42. Nxf4 gxf4 43. Rf1 Re4 44. Rf3 Re1+ 45. Kf2 Rc1 46. Rxf4
Rxc2+ 47. Kf3 Rc3+ 48. Ke4 Rxb3 49. a5 Ra3 50. Rf7+ Kg6 51. Rxb7 Rxa5 52. Rb2
Kg5 53. Rf2 Ra1 54. Kd5 a5 55. Kxc5 a4 56. Rc2 Rb1 57. Ra2 Kf4 58. Rxa4 Rb2 59.
Kd6 Rd2+ 60. Ke6 Rxg2 61. c5+ Kg3 62. Ra3+ Kh2 63. c6 Rg3 64. c7 Rxa3 65. c8=Q
Rxh3 66. Qc2+ Kg3 67. Kf5 Rh1 68. Qd3+ Kg2 69. Kg4 Rh2 70. Qd4 Rh1 71. Qe4+ Kg1
72. Qe2 Rh2 73. Qd1+ Kg2 74. Qe1 Rh1 75. Qe2+ Kg1 76. Qf3 Rh2 77. Qd5 Kf2 78.
Kh5 Kg3 79. Qf5 Kg2 80. Qg5+ Kf2 81. Qc1 Kg2 82. Qe3 Rh1 83. Kg4 Rh2 84. Qe2+
Kg1 85. Qe1+ Kg2 86. Kf4 Rh1 87. Qd2+ Kg1 88. Qd1+ Kg2 89. Qg4+ Kf2 90. Qg7 Rh2
91. Qg6 Kf1 92. Qg4 Kf2 93. Qf3+ Kg1 94. Ke4 Rg2 95. Qh5 Rh2 96. Ke3 Kf1 97.
Qg4 h3 98. Qf3+ Kg1 99. Qg3+ Kf1 100. Qxh2 1-0

[Event "Rochefort 2017 - Master - 18/2/17 - 24/2"]
[Site "Palais des Congrès Rochefort"]
[Date "2017.02.18"]
[Round "6.2"]
[White "Nikolov, Momchil"]
[Black "Yuffa, Daniil"]
[Result "1-0"]
[WhiteElo "2563"]
[BlackElo "2519"]
[PlyCount "113"]
[EventDate "2017.??.??"]

1. d4 Nf6 2. c4 g6 3. Nc3 Bg7 4. e4 d6 5. f3 O-O 6. Be3 c5 7. dxc5 dxc5 8. Qxd8
Rxd8 9. Bxc5 Nc6 10. Be3 Be6 11. Rc1 Nd7 12. f4 Nd4 13. Nf3 Nc5 14. Nd5 Nxf3+
15. gxf3 Bxb2 16. Rc2 Na4 17. Nxe7+ Kf8 18. Nd5 Ba3 19. Bd3 Bc5 20. Ke2 Bxe3
21. Kxe3 Rac8 22. h4 h5 23. Rg1 Rd6 24. f5 gxf5 25. Rcg2 Ke8 26. Rg8+ Kd7 27.
Rxc8 Kxc8 28. Rg8+ Rd8 29. Rxd8+ Kxd8 30. e5 b5 31. Nf4 bxc4 32. Nxe6+ fxe6 33.
Bxc4 Ke7 34. Kf4 Nb6 35. Bb5 Nd5+ 36. Kg5 Kf7 37. Be2 Ne7 38. f4 Nd5 39. Bxh5+
Kg7 40. Bf3 Nc3 41. h5 Nxa2 42. h6+ Kh7 43. Kf6 Nc3 44. Kxe6 a5 45. Kf6 a4 46.
e6 Nb5 47. e7 Nc7 48. Kg5 a3 49. Bd5 Ne8 50. Be6 Nd6 51. Bxf5+ Kh8 52. Be6 Kh7
53. Ba2 Ne4+ 54. Kf5 Nd6+ 55. Ke5 Ne8 56. f5 Kxh6 57. f6 1-0

[Event "Rochefort 2017 - Master - 18/2/17 - 24/2"]
[Site "Palais des Congrès Rochefort"]
[Date "2017.02.18"]
[Round "6.4"]
[White "Velten, Paul"]
[Black "Shirazi, Kamran"]
[Result "1/2-1/2"]
[WhiteElo "2456"]
[BlackElo "2331"]
[PlyCount "62"]
[EventDate "2017.??.??"]

1. d4 Nf6 2. Nf3 e6 3. e3 c5 4. c3 b6 5. Nbd2 Bb7 6. Bd3 cxd4 7. exd4 Be7 8.
O-O O-O 9. Re1 Nc6 10. Nf1 Rc8 11. Qe2 Ne8 12. Ng3 d5 13. Bf4 Nd6 14. Rad1 Re8
15. Ne5 g6 16. Ng4 Bg5 17. Qe3 Bxf4 18. Qxf4 f5 19. Ne5 Nxe5 20. dxe5 Nf7 21.
Ne2 a6 22. Nd4 Rc7 23. h4 Bc8 24. Re3 Kh8 25. Qg3 Rg8 26. f4 h6 27. Kf2 Rg7 28.
Rh1 Kg8 29. Qf3 Qf8 30. Ree1 Nd8 31. g4 Nc6 1/2-1/2

[Event "Rochefort 2017 - Master - 18/2/17 - 24/2"]
[Site "Palais des Congrès Rochefort"]
[Date "2017.02.18"]
[Round "6.7"]
[White "Demuth, Adrien"]
[Black "Eden, James"]
[Result "1/2-1/2"]
[WhiteElo "2525"]
[BlackElo "2358"]
[PlyCount "111"]
[EventDate "2017.??.??"]

1. c4 c6 2. e4 d5 3. exd5 cxd5 4. cxd5 Nf6 5. Nc3 Nxd5 6. Nf3 g6 7. Bb5+ Nc6 8.
Qb3 e6 9. d4 Bg7 10. Bg5 Qd6 11. Ne4 Qb4+ 12. Qxb4 Ndxb4 13. O-O O-O 14. Rfd1
h6 15. Be3 a6 16. Bxc6 Nxc6 17. Bf4 Rd8 18. Bc7 Rd5 19. Be5 b6 20. Nf6+ Bxf6
21. Bxf6 g5 22. Ne5 Bb7 23. Nxc6 Bxc6 24. Rac1 Be8 25. f3 Kh7 26. Kf2 Kg6 27.
Be5 Rad8 28. b3 b5 29. Bc7 R8d7 30. Bb6 e5 31. Rc8 Re7 32. Re1 Bd7 33. Rg8+ Kh7
34. Rd8 Re6 35. Rxe5 Rexe5 36. dxe5 Be6 37. Rxd5 Bxd5 38. Ke3 Kg6 39. g4 f6 40.
exf6 Kxf6 41. f4 gxf4+ 42. Kxf4 Kg6 43. Bd8 Kg7 44. Ke5 Bg8 45. Kd4 Bh7 46. Kc3
Bb1 47. h4 h5 48. gxh5 Kh6 49. Kb2 Be4 50. Ka3 Bb1 51. Kb2 Be4 52. Kc3 Bb1 53.
a3 Kxh5 54. Kd4 Bc2 55. b4 Bb3 56. Ke3 1/2-1/2

[Event "Rochefort 2017 - Master - 18/2/17 - 24/2"]
[Site "Palais des Congrès Rochefort"]
[Date "2017.02.18"]
[Round "6.8"]
[White "Colin, Vincent"]
[Black "Navrotescu, Catalin"]
[Result "1/2-1/2"]
[WhiteElo "2372"]
[BlackElo "2357"]
[PlyCount "87"]
[EventDate "2017.??.??"]

1. d4 Nf6 2. Bf4 d5 3. e3 e6 4. Nd2 c5 5. c3 Nc6 6. Ngf3 Bd6 7. Bg3 Bxg3 8.
hxg3 Qd6 9. Qc2 Bd7 10. Bb5 O-O-O 11. a4 Kb8 12. Bxc6 Bxc6 13. Ne5 Be8 14. g4
Nd7 15. Rxh7 Rxh7 16. Nxd7+ Bxd7 17. Qxh7 cxd4 18. exd4 e5 19. Qxg7 Re8 20.
dxe5 Rxe5+ 21. Kf1 f6 22. Nf3 Re4 23. Qh8+ Kc7 24. Qh2 Qxh2 25. Nxh2 Bxa4 26.
Nf3 Bb5+ 27. Kg1 a6 28. Nd4 Rxg4 29. f3 Rg8 30. Kf2 Bd7 31. Rh1 Kd6 32. Rh7 b6
33. Rf7 Rg6 34. g4 a5 35. Ke3 a4 36. Kf4 Rh6 37. Nf5+ Bxf5 38. Kxf5 b5 39. f4
d4 40. cxd4 Rh2 41. Kxf6 Rxb2 42. Ra7 Kc6 43. g5 Kb6 44. Ra8 1/2-1/2

[Event "Rochefort 2017 - Master - 18/2/17 - 24/2"]
[Site "Palais des Congrès Rochefort"]
[Date "2017.02.18"]
[Round "6.10"]
[White "Favarel, Julien"]
[Black "Haub, Thorsten Michael"]
[Result "1/2-1/2"]
[WhiteElo "2257"]
[BlackElo "2397"]
[PlyCount "84"]
[EventDate "2017.??.??"]

1. e4 g6 2. d4 Bg7 3. Nf3 d6 4. Bc4 Nf6 5. Qe2 c6 6. Bb3 O-O 7. O-O a5 8. a3
Na6 9. Nbd2 Nd7 10. e5 dxe5 11. dxe5 Ndc5 12. Ba2 Bf5 13. Nb1 Qc7 14. Bf4 Qb6
15. Bc1 Rad8 16. h3 Be6 17. Nc3 Bxa2 18. Rxa2 Qc7 19. Ra1 Ne6 20. Re1 Nac5 21.
Ne4 Nd7 22. Neg5 Ndc5 23. Nxe6 Nxe6 24. a4 Rd5 25. b3 Rfd8 26. Bb2 Qb6 27. g3
Qc7 28. Kg2 Qd7 29. Bc3 b6 30. h4 h5 31. Bb2 Bh6 32. Qa6 Nf4+ 33. Kg1 Qh3 34.
Qf1 Qxf1+ 35. Kxf1 Ne6 36. Ke2 Bg7 37. Red1 Kf8 38. c4 R5d7 39. Rxd7 Rxd7 40.
Rd1 Ke8 41. Rxd7 Kxd7 42. Ba3 Bh6 1/2-1/2

[Event "Rochefort 2017 - Master - 18/2/17 - 24/2"]
[Site "Palais des Congrès Rochefort"]
[Date "2017.02.18"]
[Round "7.7"]
[White "Inkiov, Ventzislav"]
[Black "Eden, James"]
[Result "1/2-1/2"]
[WhiteElo "2447"]
[BlackElo "2358"]
[PlyCount "76"]
[EventDate "2017.??.??"]

1. e4 e5 2. Nf3 Nc6 3. Bc4 Nf6 4. d3 Bc5 5. Nc3 d6 6. Bg5 h6 7. Bxf6 Qxf6 8.
Nd5 Qd8 9. c3 a6 10. d4 Ba7 11. dxe5 Nxe5 12. Nxe5 dxe5 13. Qh5 O-O 14. Rd1 c6
15. Ne3 Qe7 16. O-O Re8 17. Rd6 Be6 18. Bxe6 fxe6 19. Rfd1 Rad8 20. Rxd8 Rxd8
21. Rxd8+ Qxd8 22. Qxe5 Bxe3 23. Qxe6+ Kh8 24. fxe3 Qd1+ 25. Kf2 Qd2+ 26. Kf3
Qxb2 27. e5 Qb1 28. g4 Qd1+ 29. Kf4 Qf1+ 30. Ke4 Qb1+ 31. Kd4 Qb6+ 32. Kd3 Qb1+
33. Ke2 Qc2+ 34. Kf3 Qd1+ 35. Kg3 Qg1+ 36. Kf4 Qf1+ 37. Ke4 Qb1+ 38. Kd4 Qb6+
1/2-1/2

[Event "Rochefort 2017 - Master - 18/2/17 - 24/2"]
[Site "Palais des Congrès Rochefort"]
[Date "2017.02.18"]
[Round "7.9"]
[White "Giacomini, Hector"]
[Black "Colin, Vincent"]
[Result "1/2-1/2"]
[WhiteElo "2257"]
[BlackElo "2372"]
[PlyCount "57"]
[EventDate "2017.??.??"]

1. Nf3 Nf6 2. e3 g6 3. d4 Bg7 4. c4 O-O 5. Nc3 c5 6. dxc5 Na6 7. Be2 Nxc5 8.
Nd4 d6 9. O-O a6 10. b4 Ne6 11. Bb2 Nc7 12. Qb3 Bd7 13. Rfd1 Qb8 14. Bf3 Rc8
15. Rac1 Ne6 16. Nd5 Nxd5 17. Bxd5 Nxd4 18. Bxd4 Bxd4 19. exd4 Rc7 20. c5 e6
21. Bf3 d5 22. a4 b5 23. a5 Bc6 24. Qe3 Qf8 25. Re1 Re8 26. Qf4 Rd7 27. Rc2 Qg7
28. h4 h6 29. Qxh6 1/2-1/2

[Event "Rochefort 2017 - Master - 18/2/17 - 24/2"]
[Site "Palais des Congrès Rochefort"]
[Date "2017.02.18"]
[Round "8.1"]
[White "Nikolov, Momchil"]
[Black "Stupak, Kirill"]
[Result "1/2-1/2"]
[WhiteElo "2563"]
[BlackElo "2542"]
[PlyCount "73"]
[EventDate "2017.??.??"]

1. d4 d5 2. c4 c6 3. Nf3 Nf6 4. Nc3 e6 5. e3 Nbd7 6. Qc2 Bd6 7. Bd3 O-O 8. O-O
Qe7 9. c5 Bc7 10. e4 dxe4 11. Nxe4 h6 12. Re1 Nd5 13. a3 Re8 14. b4 a5 15. b5
cxb5 16. Bxb5 Rd8 17. Rb1 N7f6 18. Ng3 Bf4 19. Ne5 Bxc1 20. Qxc1 Qc7 21. Ne4
Nxe4 22. Rxe4 a4 23. h3 b6 24. cxb6 Qxc1+ 25. Rxc1 Nxb6 26. Rc7 Rf8 27. Bc6 Rb8
28. Ra7 f6 29. Nd3 Rf7 30. Rxf7 Kxf7 31. Nc5 Ke7 32. Re1 Kd6 33. Bb5 Kd5 34.
Nxa4 Nxa4 35. Bxa4 Kxd4 36. Bd7 Bxd7 37. Re3 1/2-1/2

[Event "Rochefort 2017 - Master - 18/2/17 - 24/2"]
[Site "Palais des Congrès Rochefort"]
[Date "2017.02.18"]
[Round "8.2"]
[White "Maiorov, Nikita"]
[Black "Enchev, Ivajlo"]
[Result "1-0"]
[WhiteElo "2511"]
[BlackElo "2464"]
[PlyCount "65"]
[EventDate "2017.??.??"]

1. d4 Nf6 2. c4 e6 3. Nc3 Bb4 4. Qc2 d5 5. cxd5 exd5 6. Bg5 h6 7. Bh4 c5 8.
dxc5 Be6 9. e3 Nbd7 10. Bd3 Rc8 11. Nge2 O-O 12. O-O Nxc5 13. Rfd1 Nxd3 14.
Qxd3 Rc4 15. e4 Bxc3 16. Nxc3 g5 17. Bg3 Qc8 18. exd5 Rd8 19. d6 Qc6 20. Re1
Re8 21. Re3 b5 22. b3 Rc5 23. f3 Bf5 24. Ne4 Bxe4 25. fxe4 Rxe4 26. Rxe4 Nxe4
27. Rd1 Rc1 28. d7 Qb6+ 29. Kh1 Rxd1+ 30. Qxd1 Nxg3+ 31. hxg3 Qd8 32. Qd6 a5
33. Qc6 1-0

[Event "Rochefort 2017 - Master - 18/2/17 - 24/2"]
[Site "Palais des Congrès Rochefort"]
[Date "2017.02.18"]
[Round "8.4"]
[White "Demuth, Adrien"]
[Black "Yuffa, Daniil"]
[Result "1/2-1/2"]
[WhiteElo "2525"]
[BlackElo "2519"]
[PlyCount "70"]
[EventDate "2017.??.??"]

1. d4 Nf6 2. c4 g6 3. Nc3 Bg7 4. e4 d6 5. Bd3 O-O 6. Nge2 Nc6 7. O-O e5 8. d5
Ne7 9. Bc2 Nh5 10. f4 exf4 11. Nxf4 Nf6 12. h3 c6 13. dxc6 bxc6 14. Be3 Ba6 15.
b3 d5 16. Bc5 Nd7 17. Bd4 dxc4 18. Bxg7 Kxg7 19. Qd4+ Kg8 20. Rfd1 Qa5 21. Qxd7
Qxc3 22. Qxe7 Qe3+ 23. Kh1 Qxf4 24. Qc5 cxb3 25. Bxb3 Rae8 26. Qxc6 Be2 27. Rd7
Rxe4 28. Bd5 Re3 29. Qc7 Qf6 30. Rb1 Qf5 31. Rb8 Rxh3+ 32. gxh3 Qxh3+ 33. Kg1
Qf1+ 34. Kh2 Qf2+ 35. Bg2 Qh4+ 1/2-1/2